| 000 | 00547nam a2200181Ia 4500 | ||
|---|---|---|---|
| 001 | 11126 | ||
| 003 | GE_BSU | ||
| 008 | 181216s||||||||xx |||||||||||||| ||und|| | ||
| 040 | _cGE_BSU | ||
| 245 | _aВопросы языкознания, №3.2014. | ||
| 245 | _cгл.ред.Т.М.Николаева и др. | ||
| 260 | _aМосква | ||
| 260 | _bНаука | ||
| 260 | _c2014.Май-Июнь. | ||
| 300 | _a160стр.26см. | ||
| 520 | _aжурнал основан в январе 1952 года выход 6 раз в год | ||
| 942 | _cCR | ||
| 999 |
_c44364 _d44364 |
||